[Event "Moscow Winter on Kolomenskoe"]
[Site "Moscow"]
[Date "2007.02.15"]
[Round "8"]
[White "Vidyakin, Boris A"]
[Black "Nozdrin, Alexander V"]
[Result "0-1"]
[WhiteElo "2085"]
[BlackElo "2301"]
[PlyCount "38"]
[EventDate "2007.02.08"]
[EventType "tourn"]
[EventRounds "13"]
[EventCountry "RUS"]
[SourceTitle "EXT 2019"]
[Source "ChessBase"]
[SourceDate "2018.10.10"]
[SourceVersion "1"]
[SourceVersionDate "2018.10.10"]
[SourceQuality "1"]

1. d4 e6 2. e4 d5 3. Nc3 Nf6 4. Bg5 Bb4 5. e5 h6 6. Bd2 Bxc3 7. bxc3 Ne4 8. Qg4 g6 9. Be3 Nxc3 10. Bd3 Nc6 11. Nf3 Bd7 12. Qh3 Qe7 13. Bg5 Qa3 14. Bf6 Ne4 15. Bxh8 Qc3+ 16. Ke2 Nxd4+ 17. Nxd4 Qd2+ 18. Kf3 Qxf2+ 19. Kg4 f5+ 0-1

[Event "Moscow Winter on Kolomenskoe"]
[Site "Moscow"]
[Date "2007.02.08"]
[Round "1"]
[White "Druzhinsky, Alexey"]
[Black "Vidyakin, Boris A"]
[Result "1/2-1/2"]
[WhiteElo "2022"]
[BlackElo "2085"]
[PlyCount "73"]
[EventDate "2007.02.08"]
[EventType "tourn"]
[EventRounds "13"]
[EventCountry "RUS"]
[SourceTitle "EXT 2019"]
[Source "ChessBase"]
[SourceDate "2018.10.10"]
[SourceVersion "1"]
[SourceVersionDate "2018.10.10"]
[SourceQuality "1"]

1. d4 Nf6 2. Nf3 c5 3. d5 b5 4. Bg5 d6 5. Bxf6 exf6 6. e4 a6 7. c3 f5 8. exf5 Bxf5 9. a4 b4 10. cxb4 cxb4 11. Bd3 Qe7+ 12. Be2 Qf6 13. Qd4 Qxd4 14. Nxd4 Be4 15. 0-0 Bxd5 16. Nd2 Be7 17. Nc4 Bxc4 18. Bxc4 0-0 19. Rad1 g6 20. b3 Ra7 21. Rfe1 Rc8 22. Re4 Rc5 23. Rde1 Bf6 24. Nc2 Nc6 25. Rd1 Re7 26. Rxe7 Bxe7 27. Ne1 a5 28. Nd3 Rf5 29. g4 Rf6 30. Re1 Kf8 31. Bd5 Nd4 32. Re4 Nf3+ 33. Kg2 Nh4+ 34. Kf1 Nf3 35. Kg2 Nh4+ 36. Kf1 Nf3 37. Kg2 1/2-1/2

[Event "Moscow Jan"]
[Site "Moscow"]
[Date "2007.01.22"]
[Round "13"]
[White "Kuznecov, Mikhail"]
[Black "Vidyakin, Boris A"]
[Result "1-0"]
[WhiteElo "2344"]
[BlackElo "2085"]
[PlyCount "101"]
[EventDate "2007.01.10"]
[EventType "tourn"]
[EventRounds "15"]
[EventCountry "RUS"]
[SourceTitle "EXT 2010"]
[Source "ChessBase"]
[SourceDate "2010.11.25"]
[SourceVersion "1"]
[SourceVersionDate "2010.11.25"]
[SourceQuality "1"]

1. Nf3 d5 2. g3 Nf6 3. Bg2 e6 4. 0-0 c5 5. d3 Nc6 6. Nbd2 Be7 7. e4 b6 8. c3 Bb7 9. Qc2 Qc7 10. Re1 h6 11. Nf1 g5 12. exd5 exd5 13. Be3 0-0-0 14. d4 c4 15. b3 Na5 16. Ne5 Bd6 17. Qf5+ Nd7 18. Nxf7 Rdf8 19. Nxd6+ Qxd6 20. Qc2 Nf6 21. bxc4 Nxc4 22. Nd2 Nxd2 23. Qxd2 Ne4 24. Qc2 g4 25. c4 Ng5 26. c5 Qc6 27. Rac1 b5 28. Bf4 Kd8 29. Re5 Nf3+ 30. Bxf3 gxf3 31. Rce1 Qd7 32. Re6 Re8 33. Rxe8+ Rxe8 34. Rxe8+ Qxe8 35. Be3 Qd7 36. Qg6 Qc6 37. Qxh6 Qxh6 38. Bxh6 Bc8 39. Kf1 Ke7 40. Ke1 Ke6 41. Kd2 a5 42. g4 Kf6 43. h3 Kg6 44. Bf4 Kf6 45. Ke3 b4 46. Kxf3 a4 47. Bd2 b3 48. axb3 axb3 49. Bc3 Bd7 50. Kg3 Kg5 51. f4+ 1-0

[Event "Moscow Jan"]
[Site "Moscow"]
[Date "2007.01.17"]
[Round "8"]
[White "Akhmetov, Alexandr Ol"]
[Black "Vidyakin, Boris A"]
[Result "1-0"]
[WhiteElo "2289"]
[BlackElo "2085"]
[PlyCount "51"]
[EventDate "2007.01.10"]
[EventType "tourn"]
[EventRounds "15"]
[EventCountry "RUS"]
[SourceTitle "EXT 2010"]
[Source "ChessBase"]
[SourceDate "2010.11.25"]
[SourceVersion "1"]
[SourceVersionDate "2010.11.25"]
[SourceQuality "1"]

1. d4 Nf6 2. c4 e6 3. a3 d5 4. Nc3 b6 5. Nf3 Bb7 6. cxd5 Nxd5 7. Nxd5 Qxd5 8. Bf4 Bd6 9. Bxd6 Qxd6 10. e3 Nd7 11. Be2 Nf6 12. 0-0 0-0 13. Qc2 Rac8 14. b4 Be4 15. Qb2 Qd5 16. Rfd1 a5 17. Rac1 c6 18. Rc3 Ng4 19. Ne1 Nf6 20. f3 Bg6 21. Qc1 axb4 22. axb4 Qd6 23. Rc4 Nd5 24. e4 Nxb4 25. Qa3 c5 26. dxc5 1-0

[Event "Moscow Rector Cup"]
[Site "Moscow"]
[Date "2006.07.14"]
[Round "15"]
[White "Vidyakin, Boris A"]
[Black "Belov, Igor"]
[Result "0-1"]
[WhiteElo "2155"]
[BlackElo "2424"]
[PlyCount "94"]
[EventDate "2006.07.02"]
[EventType "tourn"]
[EventRounds "15"]
[EventCountry "RUS"]
[SourceTitle "EXT 2008"]
[Source "ChessBase"]
[SourceDate "2007.11.25"]
[SourceVersion "1"]
[SourceVersionDate "2007.11.25"]
[SourceQuality "1"]

1. d4 g6 2. c4 Nf6 3. Nc3 Bg7 4. e4 d6 5. g3 e5 6. d5 c5 7. Bg2 a6 8. a4 0-0 9. Nge2 Nbd7 10. 0-0 b6 11. Bg5 h6 12. Bd2 Rb8 13. Qc1 Kh7 14. Qc2 Nh5 15. Rae1 Rb7 16. f4 exf4 17. gxf4 Qh4 18. Qd3 Ndf6 19. b3 Ng4 20. Qh3 Qxh3 21. Bxh3 Nhf6 22. f5 g5 23. Ng3 Ne5 24. Nd1 Nd3 25. Re2 b5 26. axb5 axb5 27. Nf2 bxc4 28. bxc4 Ne5 29. Rc1 Nf3+ 30. Kf1 Nxd2+ 31. Rxd2 h5 32. Ra2 g4 33. Bg2 h4 34. Ne2 Re8 35. Nc3 Bh6 36. Rca1 Bf4 37. Kg1 Be5 38. Rc2 Rb3 39. Rac1 h3 40. Bf1 Rxc3 41. Rxc3 Bxc3 42. Rxc3 Nxe4 43. Nxe4 Rxe4 44. Rb3 Bxf5 45. Rb6 g3 46. hxg3 Re1 47. Kf2 h2 0-1

[Event "Moscow Rector Cup"]
[Site "Moscow"]
[Date "2006.07.09"]
[Round "10"]
[White "Ivanov, Pavel"]
[Black "Vidyakin, Boris A"]
[Result "1/2-1/2"]
[WhiteElo "2244"]
[BlackElo "2155"]
[PlyCount "26"]
[EventDate "2006.07.02"]
[EventType "tourn"]
[EventRounds "15"]
[EventCountry "RUS"]
[SourceTitle "EXT 2008"]
[Source "ChessBase"]
[SourceDate "2007.11.25"]
[SourceVersion "1"]
[SourceVersionDate "2007.11.25"]
[SourceQuality "1"]

1. d4 d5 2. c4 e6 3. Nc3 f5 4. cxd5 exd5 5. Bf4 c6 6. Nf3 Bd6 7. Bxd6 Qxd6 8. e3 Nd7 9. Bd3 g6 10. Qc2 Ngf6 11. Nd2 Ne4 12. f4 Nxd2 13. Kxd2 Nf6 1/2-1/2

[Event "Moscow Rector Cup"]
[Site "Moscow"]
[Date "2006.07.02"]
[Round "1"]
[White "Moiseenko, Vladimir"]
[Black "Vidyakin, Boris A"]
[Result "1-0"]
[WhiteElo "2151"]
[BlackElo "2155"]
[PlyCount "51"]
[EventDate "2006.07.02"]
[EventType "tourn"]
[EventRounds "15"]
[EventCountry "RUS"]
[SourceTitle "EXT 2008"]
[Source "ChessBase"]
[SourceDate "2007.11.25"]
[SourceVersion "1"]
[SourceVersionDate "2007.11.25"]
[SourceQuality "1"]

1. d4 d5 2. c4 e6 3. Nc3 Nf6 4. Bg5 Be7 5. cxd5 exd5 6. Qc2 0-0 7. e3 c6 8. Bd3 Nbd7 9. Nf3 Re8 10. 0-0 h6 11. Bf4 a5 12. h3 Nh5 13. Nxd5 Nxf4 14. Nxf4 Nf8 15. Rad1 Ne6 16. Nxe6 Bxe6 17. a3 Bd5 18. e4 Be6 19. Bc4 Bxc4 20. Qxc4 Bf6 21. e5 Be7 22. d5 cxd5 23. Rxd5 Qb6 24. Rb5 Qa7 25. Qc7 Rab8 26. Rxa5 1-0